Basic econometrics

محفوظ في:
التفاصيل البيبلوغرافية
المؤلف الرئيسي: Gujarati, Damodar N (مؤلف)
التنسيق: كتاب
اللغة:الإنجليزية
منشور في: Nueva York McGraw-Hill 1995
الطبعة:3a. ed
الموضوعات:
الوسوم: إضافة وسم
لا توجد وسوم, كن أول من يضع وسما على هذه التسجيلة!

MARC

LEADER 00000cam a2200000 a 4500
001 UCC5040
003 CL-VaPUC
008 180913e19950000us |||||||||||||||||eng|d
020 |a 0070252149 
082 0 4 |a 330.015195  |b GUJ  |2 21 
100 |a Gujarati, Damodar N  |e author  |9 599339 
245 1 0 |a Basic econometrics 
250 |a 3a. ed 
300 |a 838 p 
942 |c BK 
945 |d 20180913 22:58:00  |a dcastane 
260 |a Nueva York  |b McGraw-Hill  |c 1995 
650 0 |a Econometría   |9 261029 
650 0 |a Modelos econométricos  |9 261094 
650 0 |a Estadística matemática  |9 260028 
583 |a last modification  |c 20180913 22:58:00  |k Rodrigo Vera 
999 |c 372380  |d 372378 
952 |0 0  |1 0  |3 erd  |4 0  |6 330_015195000000000_GUJ_1995  |7 0  |8 A  |9 490016  |a BIBHIS  |b BIBHIS  |i 5501423  |o 330.015195 GUJ 1995  |p 5501423  |r 2025-01-20  |w 2019-11-24  |y BK  |z Catalogado en:20180913  |k HIS